Primera Jornada de Ideología Universitaria : memoria de los trabajos presentados en las mesas de estudio los días 9, 10 y 11 de octubre de 1973 /

Memoria de Primera Jornada de Ideología Universitaria en que la Universidad de Guadalajara definió su posición y su ideario como institución revolucionaria, constructora y pensante; popular, democrática y revolucionaria. Se revisó la función social de la universidad como comunidad de cultura, en el...

詳細記述

保存先:
書誌詳細
共著者: Jornada de Ideología Universitaria ( Universidad de Guadalajara), Universidad de Guadalajara
その他の著者: Zambrano Villa, Jorge Enrique (prólogo) (prólogo)
フォーマット: 会議録 図書
言語:スペイン語
主題:
タグ: タグ追加
タグなし, このレコードへの初めてのタグを付けませんか!

MARC

LEADER 00000nam^a2200000^a^4500
001 000187895
005 20250521000000.0
009 20260310102317.69
037 |a Acervo ITESO - Biblioteca 
041 |a ESP 
082 |a 378. 7235  |b UNI UdeG-fil 1973 
111 |a Jornada de Ideología Universitaria (  |n 1ª :  |d 1973 :  |c Universidad de Guadalajara) 
245 1 0 |a Primera Jornada de Ideología Universitaria :  |b memoria de los trabajos presentados en las mesas de estudio los días 9, 10 y 11 de octubre de 1973 /  |c Pról. de J.E. Zambrano Villa. 
264 |a Guadalajara, México :  |b Universidad de Guadalajara, Facultad de Filosofía y Letras,  |c 1977 
300 |a XII, 341 p. 
336 |a texto  |b txt  |2 rdacontenido 
337 |a sin mediación  |b n  |2 rdamedio 
338 |a volumen  |b nc  |2 rdasoporte 
520 |a Memoria de Primera Jornada de Ideología Universitaria en que la Universidad de Guadalajara definió su posición y su ideario como institución revolucionaria, constructora y pensante; popular, democrática y revolucionaria. Se revisó la función social de la universidad como comunidad de cultura, en el marco de una obra científica y humanística. 
610 |a Universidad de Guadalajara 
649 |a XX 
650 |a Ideología 
650 |a Idearios Escolares 
650 |a Filosofía de la Educación 
650 |a Axiología de la Educación 
650 |a Universidades -  |z Guadalajara, Jalisco 
650 |a Universidades -  |z Jalisco 
650 |a Universidades -  |z México 
650 |a Instituciones Educativas -  |z Guadalajara, Jalisco 
650 |a Instituciones Educativas -  |z Jalisco 
650 |a Instituciones Educativas -  |z México 
650 |a Educación Pública -  |z Guadalajara, Jalisco 
650 |a Educación Pública -  |z Jalisco 
650 |a Educación Pública -  |z México 
650 |a Educación Superior -  |z Guadalajara, Jalisco 
650 |a Educación Superior -  |z Jalisco 
650 |a Educación Superior -  |z México 
710 |a Universidad de Guadalajara 
700 |a Zambrano Villa, Jorge Enrique  |e (prólogo) 
910 |a Fondo General 
920 |a Impresos - Libros 
930 |a Colección General 
905 |a 101 
901 |a 0500129987  |b IT1  |c ACC  |u 20250521 
902 |a https://opac.biblio.iteso.mx/vufind/Record/000187895